000 00227 a2200097 4500
001 28831
100 _aEllis, R B
245 _aLaboratory manual in physical chemistry
260 _a
_bMcGraw-Hill
_c1953
090 _c19277
_d19277
942 _aNUST-CAE
_cM
_c10310
999 _c263904
_d263904